Home-grown electrons (Record no. 74246)

MARC details
000 -LEADER
fixed length control field 01420cab a2200229 4500
001 - CONTROL NUMBER
control field ABS67514
008 - FIXED-LENGTH DATA ELEMENTS--GENERAL INFORMATION
fixed length control field 040304n2004 000 0 eng u
035 ## - SYSTEM CONTROL NUMBER
System control number (Sirsi) u125343
100 ## - MAIN ENTRY--PERSONAL NAME
Personal name Thompson, B.
245 ## - TITLE STATEMENT
Title Home-grown electrons
260 ## - PUBLICATION, DISTRIBUTION, ETC.
Date of publication, distribution, etc. 2004
490 ## - SERIES STATEMENT
Series statement Estates Gazette
Volume/sequential designation (0404) 132-133(2)
520 ## - SUMMARY, ETC.
Summary, etc. Discusses micropower as a solution to the problems of power shortages and power outages that have occurred in the last year in places such as London and parts of the USA. Micropower is a network of small, decentralised power plants in or near homes and offices that would supply electricity. Describes how a number of different technologies are competing in the microgeneration marketplace; these include microturbines that are refrigerator-sized generators that can operate on a variety of gaseous and liquid fuels. Also there are fuel cells which work by combining hydrogen with oxygen to create electricity and only produce water as a waste product. Argues that micropower represents a business opportunity for landlords as there could be significant benefits to the new technology such as improving the bond between landlord and customers.
590 ## - LOCAL NOTE (RLIN)
Local note ABS
650 ## - SUBJECT ADDED ENTRY--TOPICAL TERM
Topical term or geographic name entry element POWER SUPPLIES
650 ## - SUBJECT ADDED ENTRY--TOPICAL TERM
Topical term or geographic name entry element MICROPOWER
650 ## - SUBJECT ADDED ENTRY--TOPICAL TERM
Topical term or geographic name entry element NATIONAL GRID
650 ## - SUBJECT ADDED ENTRY--TOPICAL TERM
Topical term or geographic name entry element NEW YORK
650 ## - SUBJECT ADDED ENTRY--TOPICAL TERM
Topical term or geographic name entry element LONDON
690 ## - LOCAL SUBJECT ADDED ENTRY--TOPICAL TERM (OCLC, RLIN)
Topical term or geographic name as entry element ENVIRONMENTAL AND LAND CONSULTANCY-ENERGY-ENERGY USE-ENERGY EFFICIENCY
942 ## - ADDED ENTRY ELEMENTS (KOHA)
Suppress in OPAC 0
Holdings
Withdrawn status Lost status Source of classification or shelving scheme Damaged status Not for loan Home library Current library Shelving location Date acquired Total Checkouts Full call number Barcode Date last seen Copy number Price effective from Koha item type
    Dewey Decimal Classification     London London Journal article 04/03/2004   ABS67514 125343-1001 06/08/2019 1 06/08/2019 Journal article